Union, poisťovacia a.s. ročná správa 2001
Gespeichert in:
| Format: | Buch |
|---|---|
| Sprache: | Slowakisch Englisch |
| Veröffentlicht: |
Bratislava
Union, poisťovacia a.s.
[2002]
|
| Schlagworte: | |
| Tags: |
Keine Tags, Fügen Sie das erste Tag hinzu!
|
MARC
| LEADER | 00000nam$a2200000$$$4500 | ||
|---|---|---|---|
| 001 | 0014220 | ||
| 005 | 20240108123852.6 | ||
| 041 | 0 | |a slo | |
| 041 | 0 | |a eng | |
| 044 | |a SK | ||
| 245 | 1 | 0 | |a Union, poisťovacia a.s. |b ročná správa 2001 |
| 264 | 1 | |a Bratislava |b Union, poisťovacia a.s. |c [2002] | |
| 300 | |a 32 s. | ||
| 610 | 2 | 0 | |a poisťovne |
| 610 | 2 | 0 | |a poisťovníctvo |